Eastern Utah Libraries Catalog: Duchesne, Heber, Roosevelt, & Vernal

Winter cub / (Record no. 413973)

MARC details
000 -LEADER
fixed length control field 02310cam a2200493M 4500
001 - CONTROL NUMBER
control field on1547592039
003 - CONTROL NUMBER IDENTIFIER
control field OCoLC
005 - DATE AND TIME OF LATEST TRANSACTION
control field 20251203142704.0
008 - FIXED-LENGTH DATA ELEMENTS--GENERAL INFORMATION
fixed length control field 251029s2025 nyua j 000 1 eng d
040 ## - CATALOGING SOURCE
Original cataloging agency CHILD
Language of cataloging eng
Transcribing agency CHILD
Modifying agency OCLCO
-- YDX
-- BDX
-- IG#
-- TP7
019 ## -
-- 1484995852
020 ## - INTERNATIONAL STANDARD BOOK NUMBER
International Standard Book Number 9798890632319
020 ## - INTERNATIONAL STANDARD BOOK NUMBER
International Standard Book Number 9788890632310
Qualifying information (hardcover)
020 ## - INTERNATIONAL STANDARD BOOK NUMBER
International Standard Book Number 8890632313
Qualifying information (hardcover)
035 ## - SYSTEM CONTROL NUMBER
System control number (OCoLC)1547592039
Canceled/invalid control number (OCoLC)1484995852
082 14 - DEWEY DECIMAL CLASSIFICATION NUMBER
Classification number [E]
Edition number 23
092 ## - LOCALLY ASSIGNED DEWEY CALL NUMBER (OCLC)
Classification number P OR BB
Item number Dekeyzer
049 ## - LOCAL HOLDINGS (OCLC)
Holding library WACL
100 1# - MAIN ENTRY--PERSONAL NAME
Personal name de Keyzer, Ilse.
9 (RLIN) 6556849
245 10 - TITLE STATEMENT
Title Winter cub /
Statement of responsibility, etc Ilse de Keyzer ; illustrated by Dana Martens.
260 ## - PUBLICATION, DISTRIBUTION, ETC. (IMPRINT)
Place of publication, distribution, etc New York, NY :
Name of publisher, distributor, etc Clavis Publishing,
Date of publication, distribution, etc 2025.
300 ## - PHYSICAL DESCRIPTION
Extent 1 v. (unpaged) p. :
Other physical details col. ill. ;
Dimensions 28 cm
336 ## - Content Type
Content type term text
336 ## - Content Type
Content type term still image
337 ## - Media type
Media type term unmediated
338 ## - Carrier type
Carrier type term volume
385 ## -
-- age
-- Children
-- lcdgt
520 ## - SUMMARY, ETC.
Summary, etc Winter Cub isn't allowed to hunt with the rest of the pack. The big wolves think he's too small. To prove himself worthy, he sneaks away one cold winter's night. Little does he know, this night is a special night. When Winter Cub encounters a group of reindeer taking a rest from pulling a sleigh, he creates a bit of a problem. Is Winter Cub big enough to make everything right again? A heartfelt tale about curiosity, confidence, and choosing your own path. With lively illustrations that perfectly capture the magic of winter, this book even features a little ode to Christmas--making it a perfect seasonal read.
521 2# - TARGET AUDIENCE NOTE
Target audience note K12
Source Libraria.
650 #0 - SUBJECT ADDED ENTRY--TOPICAL TERM
Topical term or geographic name as entry element Winter
Form subdivision Juvenile fiction.
9 (RLIN) 5699906
650 #0 - SUBJECT ADDED ENTRY--TOPICAL TERM
Topical term or geographic name as entry element Wolves
Form subdivision Juvenile fiction.
9 (RLIN) 5675925
650 #1 - SUBJECT ADDED ENTRY--TOPICAL TERM
Topical term or geographic name as entry element Winter
Form subdivision Fiction.
9 (RLIN) 5685884
650 #1 - SUBJECT ADDED ENTRY--TOPICAL TERM
Topical term or geographic name as entry element Wolves
Form subdivision Fiction.
9 (RLIN) 5685977
650 #6 - SUBJECT ADDED ENTRY--TOPICAL TERM
Topical term or geographic name as entry element Hiver
Form subdivision Romans, nouvelles, etc. pour la jeunesse.
9 (RLIN) 6449223
650 #6 - SUBJECT ADDED ENTRY--TOPICAL TERM
Topical term or geographic name as entry element Loups
Form subdivision Romans, nouvelles, etc. pour la jeunesse.
9 (RLIN) 6555772
655 #7 - INDEX TERM--GENRE/FORM
Genre/form data or focus term Christmas fiction.
Source of term lcgft
9 (RLIN) 5733050
655 #7 - INDEX TERM--GENRE/FORM
Genre/form data or focus term Picture books.
Source of term lcgft
700 1# - ADDED ENTRY--PERSONAL NAME
Personal name Martens, Dana,
Relator term ill.
9 (RLIN) 6556850
938 ## -
-- Children's Plus, Inc.
-- CHIL
-- 2452902
938 ## -
-- Ingram Library Services
-- INGR
-- in503470049
938 ## -
-- Brodart
-- BROD
-- 138803943
938 ## -
-- YBP Library Services
-- YANK
-- 21392747
994 ## -
-- C0
-- WACOL
Holdings
Withdrawn status Lost status Source of classification or shelving scheme Damaged status Not for loan Collection code Home library Current library Shelving location Date acquired Source of acquisition Total Checkouts Total Renewals Full call number Barcode Date last seen Date checked out Cost, replacement price Price effective from Koha item type
    Dewey Decimal Classification     Children Holiday Books Wasatch County Library Wasatch County Library Main Floor Childrens Area 12/03/2025 Ingram 1 1 E Christmas De Keyzer 34301002174250 12/29/2025 12/06/2025 20.95 12/03/2025 BOOK
This project was made possible through a grant from the Institute of Museum and Library Service administered by the Utah State Library Division.

Wasatch County Library

  • 465 East 1200 South, Heber City, Utah 84032
  • Phone 435-654-1511 | Fax 435-654-6456

Hours

  • Monday - Friday 9:30 AM - 8:00 PM
  • Saturday 9:30 AM - 1:30 PM
  • Closed Sundays and Holidays